Člověk, práce, volný čas

Bibliographic Details
Main Author: Filipcová, Blanka (Author)
Format: Book
Language:Undetermined
PhysicalDescription:155 s.
Published: Praha Svoboda 1966

MARC

LEADER 00000nam a2200000 a 4500
001 vtls001346090
003 SK-MaSNL
005 20260302000015.0
008 240318s1966 xx 0 und
035 |a SNK000299328 
040 |a SNK  |b slo  |c SNK  |e AACR2 
100 1 |a Filipcová, Blanka  |4 aut  |9 561563 
245 1 0 |a Člověk, práce, volný čas 
260 |a Praha  |b Svoboda  |c 1966 
300 |a 155 s. 
958 |a OND 
999 |c 977599  |d 979529 
952 |t P60, <04>, [BOOK], {604}  |a SNK  |b SNK  |y VYP  |7 0  |p 17A0166548  |o snkIC 40327 D1  |0 0  |1 1  |4 0  |d 1998-10-22  |l 0  |r 2005-01-02 00:00:00  |w 2026-02-24 
952 |t P60, <04>, [BOOK], {604}  |a SNK  |b SNK  |y VYP  |7 0  |p 17A0344166  |o snkIC 40327  |0 0  |1 0  |4 0  |d 2002-06-10  |l 0  |r 2005-01-02 00:00:00  |w 2026-02-24